[Event "Titled Tuesday intern op 25th Jan"]
[Site "Chess.com INT"]
[Date "2022.01.25"]
[Round "3"]
[White "Qashashvili, Alexandre"]
[Black "Ramasindraibe, Girard"]
[Result "1-0"]
[WhiteElo "2505"]
[BlackElo "2092"]
[PlyCount "89"]
[EventDate "2022.01.25"]
[EventType "swiss (blitz)"]
[EventRounds "11"]
[EventCountry "USA"]
[SourceTitle "CBM 206 Extra"]
[Source "ChessBase"]
[SourceDate "2022.03.31"]
[SourceVersion "1"]
[SourceVersionDate "2022.03.31"]
[SourceQuality "1"]

1. e4 b6 2. Nc3 Bb7 3. Nf3 e6 4. d4 Nf6 5. Bd3 c5 6. dxc5 bxc5 7. 0-0 Be7 8. h3 d6 9. Bg5 Nc6 10. Re1 h6 11. Bh4 Nd7 12. Bxe7 Qxe7 13. a3 0-0 14. Qd2 Rfd8 15. Rad1 Nde5 16. Nxe5 Nxe5 17. f4 Nxd3 18. cxd3 Rab8 19. f5 exf5 20. exf5 Qf6 21. Qf4 Bc6 22. d4 cxd4 23. Rxd4 Rxb2 24. Re2 Rxe2 25. Nxe2 Re8 26. Rxd6 Qa1+ 27. Kh2 Ba8 28. f6 g5 29. Qf5 Bxg2 30. Ng3 Bb7 31. Qd3 Qb2+ 32. Qd2 Qxd2+ 33. Rxd2 Kh7 34. Rd7 Bc6 35. Rxf7+ Kg6 36. Rxa7 Rb8 37. Kg1 Rb1+ 38. Kf2 Rb2+ 39. Ke3 Kxf6 40. Ne4+ Bxe4 41. Kxe4 Rh2 42. Ra6+ Kg7 43. Kf5 Rxh3 44. Ra7+ Kf8 45. Kg6 1-0

[Event "Titled Tuesday intern op 25th Jan"]
[Site "Chess.com INT"]
[Date "2022.01.25"]
[Round "7"]
[White "Ramasindraibe, Girard"]
[Black "Kett, Timothy"]
[Result "0-1"]
[WhiteElo "2092"]
[BlackElo "2136"]
[PlyCount "68"]
[EventDate "2022.01.25"]
[EventType "swiss (blitz)"]
[EventRounds "11"]
[EventCountry "USA"]
[SourceTitle "CBM 206 Extra"]
[Source "ChessBase"]
[SourceDate "2022.03.31"]
[SourceVersion "1"]
[SourceVersionDate "2022.03.31"]
[SourceQuality "1"]

1. b3 Nf6 2. Bb2 g6 3. g4 Bg7 4. g5 Nh5 5. Bxg7 Nxg7 6. h4 d5 7. e3 e5 8. Nc3 Nc6 9. Qf3 Be6 10. 0-0-0 Rf8 11. Bh3 f5 12. gxf6 Rxf6 13. Qg2 Nf5 14. e4 Nxh4 15. Qg3 d4 16. Qxh4 dxc3 17. dxc3 Qe7 18. Bxe6 Rxe6 19. Qxh7 Qxh7 20. Rxh7 Rf6 21. Nh3 Rd8 22. Rh8+ Ke7 23. Rdxd8 Nxd8 24. Kd2 Ne6 25. Ke3 b6 26. Rh7+ Kd6 27. a4 a5 28. Rh8 c6 29. Rh6 b5 30. Rh8 bxa4 31. bxa4 Nc5 32. Ra8 Nxa4 33. Rxa5 Nxc3 34. f3 Nb5 0-1

[Event "Titled Tuesday intern op 13th July"]
[Site "Chess.com INT"]
[Date "2021.07.13"]
[Round "10"]
[White "Potapov, Alexander1111"]
[Black "Ramasindraibe, Girard"]
[Result "1-0"]
[WhiteElo "2425"]
[BlackElo "2146"]
[PlyCount "57"]
[EventDate "2021.07.13"]
[EventType "swiss (blitz)"]
[EventRounds "11"]
[EventCountry "USA"]
[SourceTitle "CBM 203 Extra"]
[Source "ChessBase"]
[SourceDate "2021.09.30"]
[SourceVersion "1"]
[SourceVersionDate "2021.09.30"]
[SourceQuality "1"]

1. d4 d5 2. c4 Nf6 3. Nc3 e6 4. Bg5 Be7 5. e3 0-0 6. Nf3 a6 7. c5 Ne4 8. Bxe7 Qxe7 9. Nxe4 dxe4 10. Nd2 f5 11. Bc4 Kh8 12. 0-0 e5 13. Nb3 exd4 14. Qxd4 Nc6 15. Qc3 Ne5 16. Rad1 f4 17. exf4 Rxf4 18. Qxe5 Qf8 19. Qxc7 Bg4 20. Rd4 Re8 21. Qxb7 e3 22. fxe3 Rxf1+ 23. Bxf1 Bc8 24. Qf3 Qe7 25. c6 h5 26. Qxh5+ Kg8 27. Bc4+ Be6 28. Re4 Qd6 29. Qxe8+ 1-0

[Event "Titled Tuesday intern op 15th June"]
[Site "Chess.com INT"]
[Date "2021.06.15"]
[Round "4"]
[White "Ramasindraibe, Girard"]
[Black "Bonte, Andrei Mihai"]
[Result "0-1"]
[WhiteElo "2146"]
[BlackElo "2313"]
[PlyCount "106"]
[EventDate "2021.06.15"]
[EventType "swiss (blitz)"]
[EventRounds "11"]
[EventCountry "USA"]
[SourceTitle "CBM 203 Extra"]
[Source "ChessBase"]
[SourceDate "2021.09.30"]
[SourceVersion "1"]
[SourceVersionDate "2021.09.30"]
[SourceQuality "1"]

1. Nc3 c6 2. d3 d5 3. g3 e5 4. Bg2 Nf6 5. f4 exf4 6. Bxf4 Bd6 7. Qd2 Bxf4 8. Qxf4 Qe7 9. 0-0-0 Be6 10. Kb1 Nbd7 11. e4 dxe4 12. Nxe4 Nxe4 13. Bxe4 Nf6 14. Nf3 Nxe4 15. Qxe4 Bd5 16. Qf4 0-0 17. h4 Qd7 18. h5 h6 19. g4 f6 20. Rhe1 Rae8 21. Nh4 Rxe1 22. Rxe1 Re8 23. Rf1 Qe7 24. b3 Qe5 25. Qf2 Qe3 26. Qf5 Qe5 27. Qf2 Qe3 28. Qh2 Qe5 29. Qg1 Qe3 30. Qh2 Qe5 31. Qd2 Qg5 32. Qf2 Qxg4 33. Nf5 Qxh5 34. Rg1 g5 35. Qd4 Qg6 36. Nd6 f5 37. Nxb7 Re7 38. Nc5 Qg7 39. Qb4 f4 40. Qb8+ Kh7 41. Qd6 f3 42. Qg3 Rf7 43. Rf1 f2 44. Rxf2 Qd4 45. Rxf7+ Bxf7 46. Ne4 Bd5 47. Nd2 Qf6 48. Qe3 Be6 49. Ne4 Qe5 50. Qxa7+ Kg6 51. Qf2 g4 52. Qh4 Bd5 53. Ng3 h5 0-1

[Event "Titled Tuesday intern op 29th Sept"]
[Site "Chess.com INT"]
[Date "2020.09.29"]
[Round "4"]
[White "Titichoca Daza, Daniel Henry"]
[Black "Ramasindraibe, Girard"]
[Result "1-0"]
[WhiteElo "2090"]
[BlackElo "2146"]
[PlyCount "77"]
[EventDate "2020.09.29"]
[EventType "swiss (blitz)"]
[EventRounds "10"]
[EventCountry "USA"]
[SourceTitle "CBM 198 Extra"]
[Source "ChessBase"]
[SourceDate "2020.11.30"]
[SourceVersion "1"]
[SourceVersionDate "2020.11.30"]
[SourceQuality "1"]

1. e4 g6 2. h4 Bg7 3. h5 d5 4. exd5 Qxd5 5. Nc3 Qa5 6. Bc4 Nc6 7. a3 Ne5 8. Ba2 Bg4 9. f3 Bd7 10. d3 0-0-0 11. Be3 e6 12. Nge2 Ne7 13. b4 Qa6 14. a4 Nf5 15. Bf2 Qd6 16. Bc5 Nxf3+ 17. gxf3 Bxc3+ 18. Kf2 Qe5 19. Nxc3 Qxc3 20. Bb3 b6 21. Be3 Nxe3 22. Kxe3 Bc6 23. Qe1 Qe5+ 24. Kf2 Qf5 25. Qe3 g5 26. Rhg1 g4 27. Rxg4 Qxh5 28. a5 Rhg8 29. Rag1 Rxg4 30. Rxg4 Qh2+ 31. Rg2 Qh4+ 32. Kg1 Qxb4 33. axb6 axb6 34. Rg7 Kb7 35. Rg4 Qa3 36. Qe5 Qc1+ 37. Kf2 Qd1 38. Qf4 h5 39. Rg7 1-0

[Event "Titled Tuesday intern op 14th July"]
[Site "Chess.com INT"]
[Date "2020.07.14"]
[Round "2"]
[White "Ramasindraibe, Girard"]
[Black "Jaskolka, Tomasz"]
[Result "0-1"]
[WhiteElo "2146"]
[BlackElo "2196"]
[PlyCount "120"]
[EventDate "2020.07.14"]
[EventType "swiss (blitz)"]
[EventRounds "10"]
[EventCountry "USA"]
[SourceTitle "CBM 197 Extra"]
[Source "ChessBase"]
[SourceDate "2020.09.30"]
[SourceVersion "1"]
[SourceVersionDate "2020.09.30"]
[SourceQuality "1"]

1. d4 Nf6 2. Nc3 d5 3. e4 dxe4 4. f3 exf3 5. Nxf3 Bg4 6. Bc4 e6 7. 0-0 c6 8. Ne2 Bxf3 9. Rxf3 Nbd7 10. c3 Be7 11. Qe1 c5 12. Qg3 cxd4 13. Nxd4 0-0 14. Bg5 Nh5 15. Bxe7 Qxe7 16. Qh3 Nhf6 17. Raf1 Ne5 18. Rxf6 gxf6 19. Bb3 f5 20. Re1 Qf6 21. Qh5 Ng6 22. Nf3 Nf4 23. Qg5+ Qxg5 24. Nxg5 Rad8 25. g3 Nd3 26. Re2 h6 27. Nf3 Nc5 28. Bc2 Rd6 29. Ne5 Rfd8 30. Nf3 Nd3 31. Bb3 Nc1 32. Rf2 Nxb3 33. axb3 Kg7 34. Kg2 Kf6 35. Nd4 Rxd4 36. cxd4 Rxd4 37. Rc2 Rb4 38. Rc3 e5 39. Kf3 Ke6 40. Ke3 a5 41. Kd2 Kd5 42. Kc2 Re4 43. Rc7 Re2+ 44. Kc3 b5 45. Rxf7 b4+ 46. Kd3 Rxb2 47. Rxf5 Rxb3+ 48. Kc2 Rc3+ 49. Kb2 a4 50. Rh5 a3+ 51. Ka2 Kc4 52. Rh4+ Kb5 53. Rxh6 Rc2+ 54. Kb1 Rg2 55. Rh5 b3 56. Rxe5+ Kb4 57. Re4+ Kc3 58. Re3+ Kc4 59. Re4+ Kd3 60. Rb4 Rg1# 0-1

[Event "Titled Tuesday intern op 16th June"]
[Site "Chess.com INT"]
[Date "2020.06.16"]
[Round "6"]
[White "Juarez Flores, Carlos Armando"]
[Black "Ramasindraibe, Girard"]
[Result "1-0"]
[WhiteElo "2374"]
[BlackElo "2146"]
[PlyCount "63"]
[EventDate "2020.06.16"]
[EventType "swiss (blitz)"]
[EventRounds "10"]
[EventCountry "USA"]
[SourceTitle "EXT 2021"]
[Source "ChessBase"]
[SourceDate "2020.10.23"]
[SourceVersion "1"]
[SourceVersionDate "2020.10.23"]
[SourceQuality "1"]

1. e4 c6 2. d4 d5 3. Nd2 dxe4 4. Nxe4 Bf5 5. Ng3 Bg6 6. Nf3 Nd7 7. h4 h6 8. h5 Bh7 9. Bd3 Bxd3 10. Qxd3 Ngf6 11. Bd2 Qc7 12. 0-0-0 e6 13. Rhe1 Be7 14. Ne5 0-0 15. f4 c5 16. Nxd7 Qxd7 17. f5 exf5 18. Nxf5 Rfe8 19. Bxh6 Bf8 20. Bg5 Rxe1 21. Rxe1 Nxh5 22. Qh3 Qd5 23. Re5 Qxa2 24. Qxh5 cxd4 25. Bf6 Qa1+ 26. Kd2 Bb4+ 27. Kd3 Qxb2 28. Nh6+ Kh7 29. Nxf7+ Kg8 30. Nh6+ Kh7 31. Qf5+ Kxh6 32. Qh5# 1-0

[Event "Titled Tuesday intern op 16th June"]
[Site "Chess.com INT"]
[Date "2020.06.16"]
[Round "10"]
[White "Sarkar, Justin"]
[Black "Ramasindraibe, Girard"]
[Result "1-0"]
[WhiteElo "2380"]
[BlackElo "2146"]
[PlyCount "95"]
[EventDate "2020.06.16"]
[EventType "swiss (blitz)"]
[EventRounds "10"]
[EventCountry "USA"]
[SourceTitle "EXT 2021"]
[Source "ChessBase"]
[SourceDate "2020.10.23"]
[SourceVersion "1"]
[SourceVersionDate "2020.10.23"]
[SourceQuality "1"]

1. e4 Nf6 2. e5 Nd5 3. d4 d6 4. Nf3 g6 5. Bc4 c6 6. 0-0 Bg7 7. exd6 Qxd6 8. Nbd2 0-0 9. Ne4 Qc7 10. h3 Nd7 11. Re1 a5 12. Bf1 N7f6 13. c4 Nxe4 14. Rxe4 Nb4 15. Bf4 Qd8 16. Be5 Bf5 17. Re2 Bh6 18. Ne1 b5 19. a3 Na6 20. c5 Nc7 21. Nc2 Nd5 22. Ne3 Nxe3 23. fxe3 Qd5 24. Qe1 Be4 25. Rf2 Rae8 26. Qc3 f6 27. Bf4 Bg7 28. Qxa5 e5 29. dxe5 fxe5 30. Bg3 Bh6 31. Qc3 Rxf2 32. Bxf2 Bf5 33. b4 Be6 34. a4 bxa4 35. Rxa4 Qe4 36. Ra1 Bd5 37. Rd1 Rf8 38. Qd3 Qxb4 39. Be2 Qxc5 40. e4 Qe7 41. exd5 cxd5 42. Qxd5+ Kh8 43. Bc4 e4 44. Rf1 Bg7 45. Be3 Rxf1+ 46. Bxf1 Bf6 47. Bc4 Kg7 48. Qg8# 1-0

[Event "Titled Tuesday intern op 14th April"]
[Site "Chess.com INT"]
[Date "2020.04.14"]
[Round "1"]
[White "Bosnjak, Petar"]
[Black "Ramasindraibe, Girard"]
[Result "1-0"]
[WhiteElo "2308"]
[BlackElo "2146"]
[PlyCount "81"]
[EventDate "2020.04.14"]
[EventType "swiss (blitz)"]
[EventRounds "10"]
[EventCountry "USA"]
[SourceTitle "EXT 2021"]
[Source "ChessBase"]
[SourceDate "2020.10.23"]
[SourceVersion "1"]
[SourceVersionDate "2020.10.23"]
[SourceQuality "1"]

1. d4 Nf6 2. Bf4 d6 3. Nf3 Nbd7 4. e3 g6 5. c4 Bg7 6. Nc3 0-0 7. h3 Re8 8. Be2 c6 9. 0-0 Qc7 10. Qc2 e5 11. Bh2 h5 12. Rad1 Nf8 13. c5 Bf5 14. Qb3 Ne4 15. cxd6 Qxd6 16. dxe5 Qe7 17. Nd4 Nxc3 18. bxc3 Bxe5 19. Nxf5 Bxh2+ 20. Kxh2 gxf5 21. Bxh5 Qe5+ 22. Kg1 f4 23. Bxf7+ Kg7 24. Bxe8 Rxe8 25. exf4 Qxf4 26. Qxb7+ Kh8 27. Qxc6 Re7 28. Qd6 Qg5 29. f4 Qg7 30. Qd4 Ng6 31. Qxg7+ Rxg7 32. f5 Nh4 33. Rf2 a5 34. f6 Rf7 35. Rd5 a4 36. Rh5+ Kg8 37. Rxh4 a3 38. Rg4+ Kf8 39. Rg7 Rxg7 40. fxg7+ Kxg7 41. g4 1-0

[Event "Titled Tuesday intern op 14th April"]
[Site "Chess.com INT"]
[Date "2020.04.14"]
[Round "6"]
[White "Nilsen, Tobias Lang"]
[Black "Ramasindraibe, Girard"]
[Result "1-0"]
[WhiteElo "2170"]
[BlackElo "2146"]
[PlyCount "63"]
[EventDate "2020.04.14"]
[EventType "swiss (blitz)"]
[EventRounds "10"]
[EventCountry "USA"]
[SourceTitle "EXT 2021"]
[Source "ChessBase"]
[SourceDate "2020.10.23"]
[SourceVersion "1"]
[SourceVersionDate "2020.10.23"]
[SourceQuality "1"]

1. e4 Nf6 2. e5 Nd5 3. Nc3 e6 4. Nf3 d6 5. exd6 Bxd6 6. Nxd5 exd5 7. d4 Bg4 8. Be2 Nd7 9. h3 Bh5 10. c3 Qe7 11. Be3 0-0-0 12. Qd2 Kb8 13. 0-0-0 Nb6 14. g4 Bg6 15. h4 f6 16. h5 Be4 17. Rde1 Qd7 18. Rhg1 Qa4 19. b3 Ba3+ 20. Kd1 Qa5 21. Nh4 Nc4 22. bxc4 dxc4 23. Bxc4 c5 24. Bd3 Bc6 25. Nf5 g6 26. Ne7 Bf3+ 27. Kc2 cxd4 28. Bxd4 Qa4+ 29. Kb1 Bxe7 30. Rxe7 Rd6 31. Qf4 Rhd8 32. Re8 1-0

[Event "Antananarivo zt 4.3"]
[Site "Antananarivo"]
[Date "2019.04.27"]
[Round "1"]
[White "Makoto, Rodwell"]
[Black "Ramasindraibe, Girard"]
[Result "1-0"]
[WhiteElo "2368"]
[BlackElo "2135"]
[PlyCount "60"]
[EventDate "2019.04.27"]
[EventType "swiss"]
[EventRounds "9"]
[EventCountry "MAD"]
[SourceTitle "EXT 2020"]
[Source "ChessBase"]
[SourceDate "2019.10.17"]
[SourceVersion "1"]
[SourceVersionDate "2019.10.17"]
[SourceQuality "1"]

1. c4 c5 2. Nf3 Nc6 3. g3 Nf6 4. Bg2 g6 5. Nc3 Bg7 6. d4 cxd4 7. Nxd4 0-0 8. 0-0 Qc7 9. Nc2 d6 10. Bg5 Be6 11. Nd5 Bxd5 12. cxd5 Ne5 13. Rc1 Qd7 14. b3 Qd8 15. Qd2 Ned7 16. e4 Nc5 17. f3 Qb6 18. Be3 a5 19. Bh3 Rfd8 20. Nd4 Nfd7 21. Rfd1 Ne5 22. Rb1 Bf6 23. a3 Qa7 24. f4 Ned7 25. b4 axb4 26. axb4 Na4 27. Nc6 Qa6 28. b5 bxc6 29. bxa6 Nc3 30. dxc6 Nxb1 1-0

[Event "Gibraltar Masters 17th"]
[Site "Caleta"]
[Date "2019.01.31"]
[Round "10"]
[White "Ramasindraibe, Girard"]
[Black "Dhulipalla, Bala Chandra Prasad"]
[Result "0-1"]
[WhiteElo "2129"]
[BlackElo "2341"]
[PlyCount "84"]
[EventDate "2019.01.22"]
[EventType "swiss"]
[EventRounds "10"]
[EventCountry "GGB"]
[SourceTitle "CBM 188 Extra"]
[Source "ChessBase"]
[SourceDate "2019.02.26"]
[SourceVersion "1"]
[SourceVersionDate "2019.02.26"]
[SourceQuality "1"]

1. d4 d5 2. c4 e6 3. Nf3 a6 4. cxd5 exd5 5. Bg5 Nf6 6. e3 Be7 7. Be2 h6 8. Bh4 0-0 9. 0-0 c6 10. Qc2 Be6 11. Nc3 Nbd7 12. Rab1 a5 13. a3 Re8 14. Rfc1 Bg4 15. b4 Ne4 16. Bg3 Ndf6 17. Ne5 Nxc3 18. Nxg4 Nxb1 19. Rxb1 Ne4 20. Ne5 axb4 21. axb4 Bd6 22. Bf4 Ra3 23. Bh5 Bxe5 24. Bxe5 Qh4 25. Bf3 Nc3 26. Rc1 Rea8 27. g3 Qe7 28. g4 Qxb4 29. Kg2 Qe7 30. Qf5 Ne4 31. Rc2 g6 32. Qf4 f6 33. Bb8 g5 34. Qc7 Qxc7 35. Bxc7 Rc8 36. Bb6 Rb3 37. Ba5 Kf7 38. Be2 b6 39. Be1 Rb1 40. Kf1 Ke6 41. f3 Nd6 42. Kg2 Rxe1 0-1